000 00291nam a22001217a 4500
008 170220b xxu||||| |||| 00| 0 eng d
041 _aeng
080 _26TH
_a615
100 _a5
101 _aSHF
245 _aESSENTIALS OF PHARMACOLOGY FOR HEALTH OCCUPATIONS
_cWOODROW, R
942 _2udc
_cBK
999 _c5854
_d5854